Software Engineering: (Record no. 1858)

MARC details
000 -LEADER
Fixed length control field 00457nam a2200181 4500
003 - CONTROL NUMBER IDENTIFIER
Control field SEACOMEC
005 - DATE AND TIME OF LATEST TRANSACTION
Control field 20241204124252.0
008 - FIXED-LENGTH DATA ELEMENTS--GENERAL INFORMATION
Fixed length control field 241204b |||||||| |||| 00| 0 eng d
020 ## - INTERNATIONAL STANDARD BOOK NUMBER / ISBN
International Standard Book Number 978-0321210265
Price 425.00
040 ## - CATALOGING SOURCE
Original cataloging agency SEACOMEC
082 ## - DEWEY DECIMAL CLASSIFICATION NUMBER
Classification number 005.3
Book Number S696
100 ## - MAIN ENTRY--PERSONAL NAME
Personal name Sommerville, Ian
245 ## - TITLE STATEMENT
Title Software Engineering:
Statement of responsibility /Ian Sommerville
250 ## - EDITION STATEMENT
Edition statement 7th ed
260 ## - IMPRINT
Place of publication Delhi
Name of publisher Pearson Education India
Date of publication 2008
300 ## - PHYSICAL DESCRIPTION
Page / Vol. No 781 p
942 ## - ADDED ENTRY ELEMENTS (KOHA)
Koha item type Books
Holdings
Withdrawn status Lost status Source of classification Damaged status Not for loan Home library Current library Date acquired Total Checkouts Call number Accession number Date last seen Price effective from Koha item type Copy number
    Dewey Decimal Classification     SEACOM ENGINEERING COLLEGE SEACOM ENGINEERING COLLEGE 03/04/2006   005.3 S696 10619 04/12/2024 04/12/2024 Reference Books  
    Dewey Decimal Classification     SEACOM ENGINEERING COLLEGE SEACOM ENGINEERING COLLEGE 03/04/2006   005.3 S696 10620 04/12/2024 04/12/2024 Books 1
    Dewey Decimal Classification     SEACOM ENGINEERING COLLEGE SEACOM ENGINEERING COLLEGE 03/04/2006   005.3 S696 10621 04/12/2024 04/12/2024 Books 2
    Dewey Decimal Classification     SEACOM ENGINEERING COLLEGE SEACOM ENGINEERING COLLEGE 03/04/2006   005.3 S696 10622 04/12/2024 04/12/2024 Books 3
    Dewey Decimal Classification     SEACOM ENGINEERING COLLEGE SEACOM ENGINEERING COLLEGE 03/04/2006   005.3 S696 10623 04/12/2024 04/12/2024 Books 4
    Dewey Decimal Classification     SEACOM ENGINEERING COLLEGE SEACOM ENGINEERING COLLEGE 03/04/2006   005.3 S696 10624 04/12/2024 04/12/2024 Books 5
    Dewey Decimal Classification     SEACOM ENGINEERING COLLEGE SEACOM ENGINEERING COLLEGE 03/04/2006   005.3 S696 10625 04/12/2024 04/12/2024 Books 6
    Dewey Decimal Classification     SEACOM ENGINEERING COLLEGE SEACOM ENGINEERING COLLEGE 03/04/2006   005.3 S696 10626 04/12/2024 04/12/2024 Books 7
    Dewey Decimal Classification     SEACOM ENGINEERING COLLEGE SEACOM ENGINEERING COLLEGE 03/04/2006   005.3 S696 10627 04/12/2024 04/12/2024 Books 8
    Dewey Decimal Classification     SEACOM ENGINEERING COLLEGE SEACOM ENGINEERING COLLEGE 03/04/2006   005.3 S696 10628 04/12/2024 04/12/2024 Books 9
© Seacom Engineering College, All rights reserved.      Powered by Koha